000 00595cam a2200205 4500500
005 20260329003318.0
041 _afre
042 _adc
100 1 0 _aGueguen, Marie
_eauthor
245 0 0 _aLes damnés de l’hyper
260 _c2015.
500 _a57
690 _aJeu vidéo
690 _aprolétariat
690 _aQuantified self
690 _aSupermarché
690 _aTaylorisme
786 0 _nPhilosophie magazine | 90 | 6 | 2015-06-01 | p. 19-21 | 1951-1787
856 4 1 _uhttps://shs.cairn.info/magazine-philosophie-magazine-2015-6-page-19?lang=fr&redirect-ssocas=7080
999 _c1823409
_d1823409